| 000 | 00907nam a2200241Ia 4500 | ||
|---|---|---|---|
| 001 | 1672 | ||
| 003 | GE_BSU | ||
| 008 | 181216s||||||||xx |||||||||||||| ||und|| | ||
| 020 | _a9789941412684 | ||
| 040 | _cGE_BSU | ||
| 080 | _a656.11(075.8) | ||
| 100 | _aაბაშიძე, ინდიკო | ||
| 245 | _aსაგზაო მოძრაობის წესები. | ||
| 245 | _bავტომობილი მოძრაობაში და უსაფრთხო მართვის საფუძვლები. | ||
| 245 | _cრედ. რომან მამულაძე | ||
| 260 | _aბათუმი | ||
| 260 | _bშოთა რუსთაველის სახ,უნ–ტი | ||
| 260 | _c2011 | ||
| 300 | _a558 გვ.20 სმ. | ||
| 541 | _h20 ლ. | ||
| 653 | _aსაგზაო მოძრაობის წესები | ||
| 942 | _cBK | ||
| 999 |
_c35789 _d35789 |
||